[Event "28. Offene Internationale Bayerische Schachmeisterschaft"]
[Site "Gmund am Tegernsee"]
[Date "2025.11.02"]
[Round "2"]
[Board "28"]
[White "Gaal, Zsoka"]
[Black "Serikbay, Assel"]
[Result "1-0"]
[WhiteElo "2383"]
[BlackElo "2174"]
[PlyCount "0"]
[EventDate "2025.11.01"]
[EventRounds "9"]
[EventCountry "GER"]

1. c4 c5 2. Nc3 Nc6 3. g3 g6 4. Bg2 Bg7 5. e4 e6 6. d3 Nge7 7. Be3 Nd4 8. Nge2 Nec6
9. Qd2 d6 10. O-O h5 11. h3 Bd7 12. Rae1 a6 13. Bg5 Qa5 14. Qc1 Ne5 15. Rd1 Nef3+
16. Bxf3 Nxf3+ 17. Kg2 Nxg5 18. Qxg5 Qc7 19. a3 b5 20. b3 O-O 21. g4 f6 22. Qe3 hxg4
23. hxg4 b4 24. axb4 cxb4 25. Nb1 d5 26. Rh1 Kf7 27. cxd5 exd5 28. Nf4 dxe4 29. dxe4
Rad8 30. Rc1 Qb8 31. Qf3 Rc8 32. Nd2 Rxc1 33. Rxc1 Bh6 34. Nd5 Qe5 35. Rc7 Rd8 36.
Nc4 Qe6 37. e5 f5 38. gxf5 gxf5 39. Nf6 Kf8 40. Nd6 Bg7 41. Rxd7  1-0

[Event "28. Offene Internationale Bayerische Schachmeisterschaft"]
[Site "Gmund am Tegernsee"]
[Date "2025.11.02"]
[Round "2"]
[Board "29"]
[White "Heigermoser, Robert"]
[Black "Falkevall, Axel"]
[Result "1/2-1/2"]
[WhiteElo "2163"]
[BlackElo "2380"]
[PlyCount "0"]
[EventDate "2025.11.01"]
[EventRounds "9"]
[EventCountry "GER"]

1. Nf3 Nf6 2. c4 c6 3. g3 d5 4. Bg2 Bg4 5. Ne5 Bf5 6. cxd5 cxd5 7. Nc3 Nbd7 8. Qa4
e6 9. g4 Bc2 10. Nxf7 Kxf7 11. Qxc2 Nxg4 12. Nxd5 Qh4 13. Qa4 Ndf6 14. Qf4 g5 15.
Qc7+ Kg6 16. Qc2+ Kg7 17. Qc7+ Kg6 18. Qc2+ Kg7 19. Qc7+ Kg6 20. Bf1  1/2-1/2

[Event "28. Offene Internationale Bayerische Schachmeisterschaft"]
[Site "Gmund am Tegernsee"]
[Date "2025.11.02"]
[Round "2"]
[Board "30"]
[White "Jin, Yueheng"]
[Black "Aamuktha, Guntaka"]
[Result "1-0"]
[WhiteElo "2376"]
[BlackElo "2161"]
[PlyCount "0"]
[EventDate "2025.11.01"]
[EventRounds "9"]
[EventCountry "GER"]

1. Nf3 Nf6 2. c4 e6 3. b3 d5 4. Bb2 Be7 5. g3 O-O 6. Bg2 c5 7. cxd5 exd5 8. d4 Nc6
9. O-O Re8 10. Nc3 Bg4 11. dxc5 Bxc5 12. Rc1 Bf8 13. Nb5 Ne4 14. Nbd4 Bd7 15. Nxc6
Bxc6 16. Qd4 Qb6 17. Rc2 f6 18. Qd1 a5 19. Bd4 Qb4 20. Be3 a4 21. Nd4 axb3 22. axb3
Bd7 23. Rc7 Bc8 24. Qd3 Bd6 25. Nb5 Bxc7 26. Nxc7 Be6 27. Nxe6 Rxe6 28. Qxd5 Rae8
29. Bh3 Qd6 30. Bxe6+ Qxe6 31. Qxb7 Nc3 32. Re1 h5 33. b4 h4 34. Qf3 h3 35. Kf1 f5
36. Rc1 Ne4 37. Qh5 f4 38. gxf4 Nf6 39. Qf3 Qf5 40. Bd4 Ng4 41. Kg1 Nh6 42. Kh1 Rd8
43. e3 g5 44. Rg1 g4 45. Qxh3 Rc8 46. f3 Qd5 47. Rxg4+ Nxg4 48. Qxg4+ Kf7 49. Qxc8
Qxf3+ 50. Kg1 Qd1+ 51. Kf2 Qd2+ 52. Kf3 Qd1+  1-0

[Event "28. Offene Internationale Bayerische Schachmeisterschaft"]
[Site "Gmund am Tegernsee"]
[Date "2025.11.02"]
[Round "2"]
[Board "31"]
[White "Thibous, Mathis"]
[Black "Colpe, Malte"]
[Result "1/2-1/2"]
[WhiteElo "2160"]
[BlackElo "2375"]
[PlyCount "0"]
[EventDate "2025.11.01"]
[EventRounds "9"]
[EventCountry "GER"]

1. e4 e6 2. d4 d5 3. e5 c5 4. c3 Nc6 5. Nf3 Bd7 6. Be2 Nge7 7. O-O Ng6 8. Be3 Be7
9. dxc5 O-O 10. Na3 Ncxe5 11. Nxe5 Nxe5 12. f4 Ng6 13. b4 b6 14. cxb6 axb6 15. Nb5
Bxb5 16. Bxb5 Qc7 17. Qd2 Bf6 18. Bd4 Bxd4+ 19. cxd4 Rfc8 20. a4 Qd6 21. g3 Ne7 22.
Rfc1 h5 23. a5 Rxc1+ 24. Rxc1 bxa5 25. bxa5 h4 26. Rc5 hxg3 27. hxg3 Nf5 28. Kg2
g5 29. Bd3 Nxd4 30. Qc3 e5 31. Rc8+ Rxc8 32. Qxc8+ Kg7 33. Qg4 e4 34. Qxg5+ Kh7 35.
Qh5+ Kg7 36. Qg5+ Kh7 37. Qh5+ Kg7 38. Qg5+ Kh7 39. Qh5+ Kg7 40. Qg5+ Kh7  1/2-1/2

[Event "28. Offene Internationale Bayerische Schachmeisterschaft"]
[Site "Gmund am Tegernsee"]
[Date "2025.11.02"]
[Round "2"]
[Board "32"]
[White "Zysk, Robert"]
[Black "Zeier, Klaus"]
[Result "1/2-1/2"]
[WhiteElo "2373"]
[BlackElo "2158"]
[PlyCount "0"]
[EventDate "2025.11.01"]
[EventRounds "9"]
[EventCountry "GER"]

1. Nf3 Nf6 2. c4 e6 3. g3 d5 4. Bg2 Be7 5. O-O O-O 6. b3 b6 7. Bb2 Bb7 8. cxd5 Bxd5
9. Nc3 Bb7 10. d4 c5 11. dxc5 Bxc5 12. Qc2 Nc6 13. Rad1 Qe7 14. Qb1 Rad8 15. e3 Rxd1
16. Rxd1 Rd8 17. Ng5 h6 18. Nge4 Nxe4 19. Nxe4 Ba3 20. Ba1 Rd7 21. h4 Qd8 22. Rxd7
Qxd7 23. Bc3 f5 24. Nd2 Bb4 25. Qb2 Bxc3 26. Qxc3 Na5 27. Bxb7 Nxb7 28. b4 Qd5 29.
Nc4 Nd6 30. Nxd6  1/2-1/2

[Event "28. Offene Internationale Bayerische Schachmeisterschaft"]
[Site "Gmund am Tegernsee"]
[Date "2025.11.02"]
[Round "2"]
[Board "33"]
[White "Cordts, Ingo"]
[Black "Mkrtchian, Lilit"]
[Result "1/2-1/2"]
[WhiteElo "2152"]
[BlackElo "2372"]
[PlyCount "0"]
[EventDate "2025.11.01"]
[EventRounds "9"]
[EventCountry "GER"]

1. Nf3 c5 2. c4 Nc6 3. d4 cxd4 4. Nxd4 e5 5. Nb5 d6 6. N1c3 a6 7. Na3 Be7 8. g3 Nf6
9. Bg2 O-O 10. O-O h6 11. Nc2 Rb8 12. b3 Bd7 13. Ba3 Qa5 14. b4 Qb6 15. Ne3 Be6 16.
Ncd5 Bxd5 17. Nxd5 Nxd5 18. Bxd5 Nxb4 19. Rb1 a5 20. Qd2  1/2-1/2

[Event "28. Offene Internationale Bayerische Schachmeisterschaft"]
[Site "Gmund am Tegernsee"]
[Date "2025.11.02"]
[Round "2"]
[Board "34"]
[White "Jacobson, Aaron"]
[Black "Schneider, Bernd"]
[Result "1-0"]
[WhiteElo "2370"]
[BlackElo "2146"]
[PlyCount "0"]
[EventDate "2025.11.01"]
[EventRounds "9"]
[EventCountry "GER"]

1. e4 c5 2. Nf3 e6 3. d4 cxd4 4. Nxd4 a6 5. Nc3 Qc7 6. Bd3 Nf6 7. Qe2 d6 8. f4 Nc6
9. Nxc6 bxc6 10. e5 Nd5 11. Nxd5 cxd5 12. O-O g6 13. Be3 dxe5 14. fxe5 Bc5 15. Kh1
Bxe3 16. Qxe3 Bd7 17. a4 a5 18. Rf4 Rb8 19. Raf1 Rf8 20. b3 Bc6 21. Rf6 Rb7 22. Qf4
Qd7 23. Qh6 d4 24. Qxh7 Qd5 25. Qxg6 Qxe5 26. Qg7 Re7 27. Bg6 Be4 28. Bxe4 Qxe4 29.
R6f4 Qxc2 30. Rxd4 f6 31. Qg3 e5 32. Rc4 Qe2 33. Qg6+ Kd7 34. Qf5+ Kd6 35. Rfc1 Kd5
 1-0

[Event "28. Offene Internationale Bayerische Schachmeisterschaft"]
[Site "Gmund am Tegernsee"]
[Date "2025.11.02"]
[Round "2"]
[Board "35"]
[White "Garcia Ramos, Marcos"]
[Black "Meins, Gerlef"]
[Result "1/2-1/2"]
[WhiteElo "2145"]
[BlackElo "2370"]
[PlyCount "0"]
[EventDate "2025.11.01"]
[EventRounds "9"]
[EventCountry "GER"]

1. e4 c5 2. Nf3 Nc6 3. d4 cxd4 4. Nxd4 Nf6 5. Nc3 d6 6. Bg5 e6 7. Qd2 a6 8. Nxc6
bxc6 9. O-O-O Be7 10. Bxf6 gxf6 11. Bc4 Rg8 12. Bb3 Qa5 13. Kb1 f5 14. Rhe1 fxe4
15. f4 Rb8 16. Rxe4 Kf8 17. f5 Qxf5 18. Rf4 Qg6 19. Rdf1 Rg7 20. Ne4 d5 21. Nf6 e5
22. R4f2 Be6 23. Qc3 Bxf6 24. Rxf6 Qxg2 25. Qxe5 Re8 26. Qd6+ Kg8 27. Qxc6 Rd8 28.
Qb6 Re8 29. Qc6 Rd8 30. Qb6 Re8 31. Qc6  1/2-1/2

[Event "28. Offene Internationale Bayerische Schachmeisterschaft"]
[Site "Gmund am Tegernsee"]
[Date "2025.11.02"]
[Round "2"]
[Board "36"]
[White "Martin, Julian"]
[Black "Delitzsch, Juergen"]
[Result "0-1"]
[WhiteElo "2360"]
[BlackElo "2144"]
[PlyCount "0"]
[EventDate "2025.11.01"]
[EventRounds "9"]
[EventCountry "GER"]

1. e4 c5 2. Nf3 g6 3. d4 cxd4 4. Nxd4 Nc6 5. c4 Bg7 6. Be3 Qb6 7. Nb3 Qd8 8. Nc3
d6 9. Be2 Nf6 10. O-O O-O 11. h3 Bd7 12. Qc2 a5 13. Rad1 a4 14. Nd4 Nxd4 15. Bxd4
Qa5 16. f4 Bc6 17. Kh2 Nd7 18. Bxg7 Kxg7 19. Nd5 Bxd5 20. Rxd5 Qc7 21. b4 axb3 22.
axb3 Nf6 23. Rb5 Ra5 24. Rxa5 Qxa5 25. Qb2 Kg8 26. Ra1 Qc5 27. e5 Nd7 28. Bg4 Nb8
29. exd6 Qxd6 30. Qe5 Qxe5 31. fxe5 Nc6 32. e6 Rd8 33. exf7+ Kxf7 34. Rf1+ Ke8 35.
Be6 Rd3 36. Bg8 h6 37. b4 Rd4 38. b5 Ne5 39. Ra1 Nd3 40. Be6 Rd8 41. Bd5 Nc5 42.
Ra7 Rb8 43. Kg3 e6 44. Bf3 Ke7 45. Kf4 Kf6 46. Ke3 Ke5 47. b6 Kd6 48. Ra1 Ke5 49.
Ra5 Kd6 50. Ra2 Ke5 51. h4 Rd8 52. Ra5 Kd6 53. Ra7 Rb8 54. Kd2 Nd7 55. Bxb7 Nxb6
56. Kc3 Nd7 57. Be4 g5 58. h5 Nc5 59. Bc2 Rf8 60. Rh7 Rf2 61. Rxh6 Rxg2 62. Rh8 Rg3+
63. Kb4 Rg2 64. Bg6 Nd7 65. h6 Ne5 66. Bh5 Rh2 67. h7 Nc6+ 68. Kb5 Rxh5 69. c5+ Kc7
70. Rg8 Rxh7 71. Rxg5 Re7 72. Kc4 e5 73. Rg3 Rd7 74. Re3 Rd4+ 75. Kc3 Rh4 76. Rg3
Kd7 77. Rg6 Rd4 78. Rh6 Ne7 79. Kb3 Rf4 80. Rd6+ Kc7 81. Re6 Nc6 82. Kc3 Rf7 83.
Rg6 Re7 84. Rg3 Re6 85. Kc4 Ne7 86. Rg1 Kc6 87. Ra1 Kb7 88. Rb1+ Kc7 89. Re1 Ng6
90. Kd5 Nf4+ 91. Ke4 Re8 92. Kf5 Nd3 93. Re3 Rd8 94. Ke4 Rd4+ 95. Kf5 Kc6 96. Ke6
Kxc5 97. Re2 Nf4+  0-1

[Event "28. Offene Internationale Bayerische Schachmeisterschaft"]
[Site "Gmund am Tegernsee"]
[Date "2025.11.02"]
[Round "2"]
[Board "37"]
[White "Boehmer, Christian"]
[Black "Morawietz, Dieter"]
[Result "0-1"]
[WhiteElo "2140"]
[BlackElo "2346"]
[PlyCount "0"]
[EventDate "2025.11.01"]
[EventRounds "9"]
[EventCountry "GER"]

1. d4 Nf6 2. c4 e6 3. Nc3 Bb4 4. f3 d5 5. a3 Bxc3+ 6. bxc3 c5 7. cxd5 Nxd5 8. dxc5
Qa5 9. e4 Nf6 10. Be3 O-O 11. Qb3 Nfd7 12. Bb5 Qc7 13. Qb4 Nc6 14. Bxc6 bxc6 15.
Qa4 Rb8 16. Nh3 Rb5 17. O-O Nxc5 18. Qc2 Qe7 19. Rfd1 e5 20. Nf2 Be6 21. c4 Rbb8
22. Nd3 Nxd3 23. Rxd3 f5 24. Qc3 fxe4 25. fxe4 Rfe8 26. Rad1 a6 27. Rd6 Bg4 28. R1d3
Rb1+ 29. Bc1 Qg5 30. Re3 Bh3 31. g3 Rf8 32. Re1 Qg4 33. c5 Qxe4  0-1

[Event "28. Offene Internationale Bayerische Schachmeisterschaft"]
[Site "Gmund am Tegernsee"]
[Date "2025.11.02"]
[Round "2"]
[Board "38"]
[White "Nurman, Alua"]
[Black "Weidenhoefer, Max"]
[Result "1-0"]
[WhiteElo "2344"]
[BlackElo "2139"]
[PlyCount "0"]
[EventDate "2025.11.01"]
[EventRounds "9"]
[EventCountry "GER"]

1. e4 c6 2. d4 d5 3. e5 Bf5 4. h4 h5 5. Bd3 Bxd3 6. Qxd3 Qa5+ 7. c3 e6 8. a4 Nh6
9. b4 Qc7 10. a5 Nf5 11. Nf3 Be7 12. Bg5 Nd7 13. Bxe7 Nxe7 14. Ng5 Nf5 15. Nd2 Rc8
16. Ndf3 b6 17. O-O O-O 18. c4 Rfd8 19. Rfc1 Nf8 20. g3 c5 21. dxc5 bxc5 22. cxd5
Rxd5 23. Qe2 Qb7 24. bxc5 Rcxc5 25. a6 Qc6 26. Rxc5 Rxc5 27. Qe4 Qxe4 28. Nxe4 Rc6
29. Kg2 Nd7 30. Rd1 Rc7 31. Nc3 Nc5 32. Rd8+ Kh7 33. Ne2 f6 34. Nf4 Rc6 35. Nxh5
Kg6 36. g4 Nh6 37. exf6 gxf6 38. Nf4+ Kg7 39. Nh5+ Kg6 40. Nf4+ Kg7 41. Nd4 Rxa6
42. g5 fxg5 43. hxg5 Nf5 44. Nxf5+ exf5 45. Rd5 Nb3 46. Rxf5 Rb6 47. Rd5 a5 48. Rd7+
Kg8 49. Nd5 Ra6 50. f4 a4 51. f5 a3 52. g6 Nc5 53. Re7 a2 54. f6 Ne6 55. Re8+ Nf8
56. Ne7+  1-0

[Event "28. Offene Internationale Bayerische Schachmeisterschaft"]
[Site "Gmund am Tegernsee"]
[Date "2025.11.02"]
[Round "2"]
[Board "39"]
[White "Wecker, Martin"]
[Black "Weber, Ulrich"]
[Result "0-1"]
[WhiteElo "2130"]
[BlackElo "2343"]
[PlyCount "0"]
[EventDate "2025.11.01"]
[EventRounds "9"]
[EventCountry "GER"]

1. c4 Nf6 2. Nf3 g6 3. Nc3 Bg7 4. e4 d6 5. d4 O-O 6. Be2 e5 7. O-O Nc6 8. d5 Ne7
9. b4 Nh5 10. Re1 f5 11. a4 Nf6 12. Ra3 a5 13. b5 h6 14. b6 cxb6 15. Nd2 Nd7 16.
Nb3 Kh8 17. Nb5 Nf6 18. exf5 Nxf5 19. Bf1 g5 20. Nd2 Rf7 21. Ne4 Nxe4 22. Rxe4 Qf8
23. Ra2 Bd7 24. Qb3 Qd8 25. Rb2 Kg8 26. Nc3 Ra6 27. Be3 Nd4 28. Bxd4 exd4 29. Nb5
Bf5 30. Re1 Be5 31. Rd2 Qf6 32. Bd3 Bd7 33. Re4 Ra8 34. Nxd4 Bxd4 35. Rxd4 Re8 36.
Bf1 Re2 37. Rxe2 Qxd4 38. Qc2 Kg7 39. Qb2 Qxb2 40. Rxb2 Bxa4 41. Rxb6 Rd7 42. Bd3
Kf6 43. Kf1 Ke5 44. Ke2 Kd4 45. Kd2 Kc5 46. Rb1 Rf7 47. f3 Re7 48. Ra1 Kb4 49. Bc2
Bxc2 50. Kxc2 Kxc4 51. Rxa5 Re2+ 52. Kd1 Rxg2 53. h4 b5 54. hxg5 Rxg5 55. Kc2 Rg2+
56. Kc1 Rf2 57. Ra8 Rxf3 58. Rh8 Rh3 59. Rf8 Rh2  0-1

[Event "28. Offene Internationale Bayerische Schachmeisterschaft"]
[Site "Gmund am Tegernsee"]
[Date "2025.11.02"]
[Round "2"]
[Board "40"]
[White "Nitin, S."]
[Black "Kerpe, Andreas"]
[Result "1-0"]
[WhiteElo "2337"]
[BlackElo "2084"]
[PlyCount "0"]
[EventDate "2025.11.01"]
[EventRounds "9"]
[EventCountry "GER"]

1. Nf3 f5 2. d3 Nc6 3. d4 e6 4. g3 Nf6 5. Bg2 d6 6. O-O Be7 7. c4 e5 8. d5 Nb8 9.
Nc3 O-O 10. Ng5 Na6 11. Qc2 Ne8 12. h4 Bf6 13. Ne6 Bxe6 14. dxe6 c6 15. Qxf5 Qe7
16. Ne4 Bxh4 17. Qh3 Bf6 18. f4 exf4 19. gxf4 Nac7 20. f5 d5 21. cxd5 cxd5 22. Nxf6+
Nxf6 23. Bf4 Nb5 24. Rac1 Qb4 25. Be5 Rac8 26. a3 Qe7 27. Qg3 Rxc1 28. Rxc1 Rd8 29.
a4 Nd6 30. Bxd6 Rxd6 31. Rc8+ Rd8 32. Rc7  1-0

[Event "28. Offene Internationale Bayerische Schachmeisterschaft"]
[Site "Gmund am Tegernsee"]
[Date "2025.11.02"]
[Round "2"]
[Board "41"]
[White "Forchert, Martin"]
[Black "Kraus, Sebastian"]
[Result "1-0"]
[WhiteElo "2336"]
[BlackElo "2083"]
[PlyCount "0"]
[EventDate "2025.11.01"]
[EventRounds "9"]
[EventCountry "GER"]

1. e4 e5 2. Nf3 Nc6 3. d4 exd4 4. Nxd4 Qf6 5. Ne2 Bc5 6. Nf4 Nge7 7. Nc3 O-O 8. Be2
d6 9. O-O Nd4 10. Bd3 Qh4 11. Kh1 f5 12. g3 Qf6 13. Ncd5 Nxd5 14. Nxd5 Qf7 15. Bc4
Be6 16. c3 c6 17. cxd4 cxd5 18. Be2 Bb6 19. e5 dxe5 20. dxe5 Rac8 21. b3 Qc7 22.
Ba3 Rf7 23. Bd6 Qd8 24. Bf3 d4 25. Rc1 Rxc1 26. Qxc1 Bc7 27. Qc5 Bb6 28. Qb5 Bc7
29. Bd5 Bxd5+ 30. Qxd5 Bxd6 31. exd6 Kf8 32. Rd1 f4 33. gxf4 Rxf4 34. d7 Rf7 35.
Rxd4 b6 36. a4 g6  1-0

[Event "28. Offene Internationale Bayerische Schachmeisterschaft"]
[Site "Gmund am Tegernsee"]
[Date "2025.11.02"]
[Round "2"]
[Board "42"]
[White "Fauth, Dietmar"]
[Black "Womacka, Mathias"]
[Result "1/2-1/2"]
[WhiteElo "2048"]
[BlackElo "2334"]
[PlyCount "0"]
[EventDate "2025.11.01"]
[EventRounds "9"]
[EventCountry "GER"]

1. e4 c5 2. d4 cxd4 3. c3 dxc3 4. Nxc3 Nc6 5. Nf3 d6 6. Bc4 a6 7. O-O Nf6 8. Bf4
Bg4 9. h3 Bxf3 10. Qxf3 e6 11. Rfd1 Qb6 12. Qe2 Rd8 13. Rd2 Be7 14. Rad1 Qc7 15.
a3 O-O 16. Ba2 b5 17. Rd3 b4 18. axb4 Nxb4 19. Rg3 Nxa2 20. Nxa2 Rfe8 21. Nc3 Qc6
22. Ra1 Ra8 23. h4 Qc5 24. Bg5 a5 25. Rc1 Qb4 26. h5 Rab8 27. h6 g6 28. Qf3 Nd7 29.
Bxe7 Rxe7 30. Rd1 Qc5 31. Qd3 Rxb2 32. Qxd6 Qxd6 33. Rxd6 f6 34. Ra6 Kf7 35. f4 Nb6
36. Rxa5 Rb3 37. Ra6 Rc7 38. Ne2 Rxg3 39. Nxg3 Nd7 40. Kf2 f5 41. e5 g5 42. Ne2 Nc5
43. Rb6 Nd3+ 44. Ke3 Nxf4 45. Nxf4 gxf4+ 46. Kxf4 Rc4+ 47. Kg5 Rg4+ 48. Kh5 Rxg2
49. Rb7+ Kg8 50. Rb8+ Kf7 51. Rb7+ Kg8  1/2-1/2

[Event "28. Offene Internationale Bayerische Schachmeisterschaft"]
[Site "Gmund am Tegernsee"]
[Date "2025.11.02"]
[Round "2"]
[Board "43"]
[White "Salsa, Nicola"]
[Black "Kueppers, Timo"]
[Result "0-1"]
[WhiteElo "2017"]
[BlackElo "2327"]
[PlyCount "0"]
[EventDate "2025.11.01"]
[EventRounds "9"]
[EventCountry "GER"]

1. c4 c5 2. Nc3 Nf6 3. g3 d5 4. cxd5 Nxd5 5. Bg2 Nc7 6. Nf3 Nc6 7. d3 e5 8. Be3 Be7
9. O-O O-O 10. Rc1 Bd7 11. Na4 b6 12. Nd2 Rc8 13. f4 exf4 14. Bxf4 Ne6 15. Be3 Ncd4
16. Nc3 Bc6 17. Nf3 Nxf3+ 18. Bxf3 Bg5 19. Qd2 Bxe3+ 20. Qxe3 Nd4 21. Bxc6 Rxc6 22.
Qf2 Rf6 23. Qg2 Re6 24. Qf2 f5 25. Rcd1 Qg5 26. e4 f4 27. Qd2 Qg4 28. Qg2 Rg6 29.
Nd5 Ne2+ 30. Kh1 Rf7 31. Rde1 Nxg3+ 32. hxg3 Rh6+ 33. Kg1 f3 34. Ne7+ Kh8  0-1

[Event "28. Offene Internationale Bayerische Schachmeisterschaft"]
[Site "Gmund am Tegernsee"]
[Date "2025.11.02"]
[Round "2"]
[Board "44"]
[White "Osthoff, Michael"]
[Black "Nithin, Babu"]
[Result "0-1"]
[WhiteElo "1999"]
[BlackElo "2310"]
[PlyCount "0"]
[EventDate "2025.11.01"]
[EventRounds "9"]
[EventCountry "GER"]

1. d4 Nf6 2. Bf4 g6 3. e3 Bg7 4. Nd2 d6 5. Be2 O-O 6. c3 Nc6 7. Qb3 e5 8. Bg5 h6
9. Bxf6 Qxf6 10. Ngf3 Qe7 11. d5 Nb8 12. O-O-O Nd7 13. Qc2 c6 14. Nc4 cxd5 15. Rxd5
Nf6 16. Rdd1 Bf5 17. Qb3 Ne4 18. Rhf1 b5 19. Qxb5 Rab8 20. Qa6 Rfc8 21. Nfd2 Nc5
22. Qxd6 Qb7 23. e4 Be6 24. b4 Nxe4 25. Nxe4 Qxe4 26. Bd3 Qf4+ 27. Ne3 Bf8 28. Qa6
Qxb4 29. Kd2 Qxc3+ 30. Ke2 Rb2+ 31. Kf3 Rxa2 32. Qb7 f5 33. g3 e4+ 34. Bxe4 fxe4+
35. Qxe4 Qc6 36. Nd5 Bxd5 37. Rxd5 Ra3+ 38. Kg2 Re8 39. Qd4 Ra5 40. Rd1 Rd8  0-1

[Event "28. Offene Internationale Bayerische Schachmeisterschaft"]
[Site "Gmund am Tegernsee"]
[Date "2025.11.03"]
[Round "3"]
[Board "1"]
[White "Kuegel, Tobias"]
[Black "Gumularz, Szymon"]
[Result "0-1"]
[WhiteElo "2391"]
[BlackElo "2584"]
[PlyCount "0"]
[EventDate "2025.11.01"]
[EventRounds "9"]
[EventCountry "GER"]

1. e4 c5 2. Nf3 d6 3. d4 cxd4 4. Qxd4 a6 5. Nc3 Nc6 6. Qd3 Nf6 7. Be2 Qc7 8. O-O
e6 9. Bf4 Be7 10. Rad1 Ne5 11. Nxe5 dxe5 12. Bc1 b5 13. a3 O-O 14. Qg3 Kh8 15. f4
Bb7 16. fxe5 Nxe4 17. Nxe4 Bxe4 18. c3 Bc5+ 19. Be3 f5 20. Bxc5 Qxc5+ 21. Kh1 Rad8
22. Rd6 Rxd6 23. exd6 Bd5 24. a4 h6 25. axb5 axb5 26. h3 Rd8 27. Kh2 Rxd6 28. Ra1
Qb6 29. Bxb5 Rd8 30. c4 Be4 31. Ra6 Qc5 32. b4 Qxb4 33. Ra2 Qc5 34. Re2 Rd1 35. Re1
f4 36. Qh4 Rd2 37. Rxe4 f3 38. Qe1 Rxg2+ 39. Kh1 f2 40. Kxg2 fxe1=Q 41. Rxe1 Qg5+
42. Kf3 Qf5+ 43. Kg2 e5 44. Bc6 Qg6+  0-1

[Event "28. Offene Internationale Bayerische Schachmeisterschaft"]
[Site "Gmund am Tegernsee"]
[Date "2025.11.03"]
[Round "3"]
[Board "2"]
[White "Engel, Luis"]
[Black "Gaal, Zsoka"]
[Result "1/2-1/2"]
[WhiteElo "2567"]
[BlackElo "2383"]
[PlyCount "0"]
[EventDate "2025.11.01"]
[EventRounds "9"]
[EventCountry "GER"]

1. e4 e6 2. d4 d5 3. Nc3 Bb4 4. e5 c5 5. a3 Ba5 6. Qg4 Ne7 7. dxc5 Bxc3+ 8. bxc3
O-O 9. Nf3 Nd7 10. Bd3 Nf5 11. a4 Qc7 12. O-O Nxe5 13. Nxe5 Qxe5 14. Rb1 Qf6 15.
c4 d4 16. Qe4 g6 17. c6 b6 18. Ba3 Re8 19. c5 e5 20. Rfe1 Nh4 21. c7 Bd7 22. cxb6
axb6 23. Qd5 Bxa4 24. Be4 Rac8 25. Bd6 Nf5 26. Bxf5 Qxf5 27. Rxb6 Qxc2 28. Rb8 d3
29. Rxc8 Rxc8 30. Bxe5 d2 31. Qd8+ Be8 32. Rf1 Qc1 33. g4 Kf8 34. Qd6+ Kg8 35. Qd8
Kf8 36. Qd6+ Kg8 37. h3 Rxc7 38. Qxc7 Qxc7 39. Bxc7 Ba4 40. Ba5 d1=Q 41. Rxd1  1/2-1/2

[Event "28. Offene Internationale Bayerische Schachmeisterschaft"]
[Site "Gmund am Tegernsee"]
[Date "2025.11.03"]
[Round "3"]
[Board "3"]
[White "Dahl, Christoph"]
[Black "Abdisalimov, Abdimalik"]
[Result "1/2-1/2"]
[WhiteElo "2387"]
[BlackElo "2553"]
[PlyCount "0"]
[EventDate "2025.11.01"]
[EventRounds "9"]
[EventCountry "GER"]

1. e4 c5 2. Nf3 Nc6 3. Bb5 d6 4. O-O Bd7 5. Re1 Nf6 6. c3 a6 7. Bf1 Bg4 8. h3 Bxf3
9. Qxf3 g6 10. d3 Bg7 11. Be3 O-O 12. Nd2 Nd7 13. Qd1 b5 14. Rc1 Rb8 15. Nf3 b4 16.
d4 Qa5 17. dxc5 bxc3 18. cxd6 cxb2 19. dxe7 Nxe7 20. Qxd7 bxc1=Q 21. Rxc1 Qd8 22.
Qa7 Qd6 23. Qxa6 Qxa6 24. Bxa6  1/2-1/2

[Event "28. Offene Internationale Bayerische Schachmeisterschaft"]
[Site "Gmund am Tegernsee"]
[Date "2025.11.03"]
[Round "3"]
[Board "4"]
[White "Morawietz, Dieter"]
[Black "Pultinevicius, Paulius"]
[Result "0-1"]
[WhiteElo "2346"]
[BlackElo "2542"]
[PlyCount "0"]
[EventDate "2025.11.01"]
[EventRounds "9"]
[EventCountry "GER"]

1. e4 c5 2. Nf3 Nc6 3. d4 cxd4 4. Nxd4 e6 5. Nc3 Qc7 6. Be2 Nf6 7. O-O a6 8. Be3
Be7 9. f4 d6 10. Kh1 O-O 11. a4 Nxd4 12. Qxd4 Bd7 13. a5 Bc6 14. Bf3 Rfd8 15. Qd3
Qc8 16. Bb6 Rd7 17. Qe3 Qf8 18. Rad1 Rc8 19. e5 dxe5 20. fxe5 Rxd1 21. Rxd1 Ne8 22.
b3 Bxf3 23. Qxf3 f6 24. Ne2 fxe5 25. Qxb7 Rxc2 26. Qxa6 Nd6 27. Qd3 Qf5 28. Ng1 Ra2
29. Qb1 Qxb1 30. Rxb1 e4 31. Re1 Bg5 32. g3 Kf7 33. Re2 Ra1 34. Kg2 e5 35. Nh3 Be7
36. Nf2 Ke6 37. Nxe4 Nb7 38. b4 Bxb4 39. Ng5+ Kf5 40. Nf3 Bd6 41. Rd2 h6 42. h3 Ra4
43. g4+ Ke6 44. Re2 Nxa5 45. Nd4+ Kd7 46. Nf5 Nc4 47. Bf2 Bf8 48. Bg3 Ke6 49. Nd4+
Kd5 50. Nb5 Kc6 51. Nc3 Ra3 52. Nd1 Kd5 53. Nf2 Ne3+ 54. Kg1 Bc5 55. Rd2+ Bd4 56.
Rd3 Ra1+ 57. Kh2 Kc4 58. Rxe3 Bxe3 59. Bxe5 Ra2  0-1

[Event "28. Offene Internationale Bayerische Schachmeisterschaft"]
[Site "Gmund am Tegernsee"]
[Date "2025.11.03"]
[Round "3"]
[Board "5"]
[White "Weber, Ulrich"]
[Black "Visakh, N R"]
[Result "0-1"]
[WhiteElo "2343"]
[BlackElo "2540"]
[PlyCount "0"]
[EventDate "2025.11.01"]
[EventRounds "9"]
[EventCountry "GER"]

1. e4 c5 2. Nf3 Nc6 3. d4 cxd4 4. Nxd4 e6 5. Nc3 Qc7 6. Be2 Nf6 7. O-O a6 8. Be3
Be7 9. f4 d6 10. Kh1 O-O 11. a4 Nxd4 12. Qxd4 Bd7 13. a5 Bc6 14. Bf3 Rfd8 15. Qd3
Qc8 16. Bb6 Rd7 17. Qe3 Qf8 18. Rad1 Rc8 19. e5 dxe5 20. fxe5 Rxd1 21. Rxd1 Ne8 22.
b3 Bxf3 23. Qxf3 f6 24. Ne2 fxe5 25. Qxb7 Rxc2 26. Qxa6 Nd6 27. Qd3 Qf5 28. Ng1 Ra2
29. Qb1 Qxb1 30. Rxb1 e4 31. Re1 Bg5 32. g3 Kf7 33. Re2 Ra1 34. Kg2 e5 35. Nh3 Be7
36. Nf2 Ke6 37. Nxe4 Nb7 38. b4 Bxb4 39. Ng5+ Kf5 40. Nf3 Bd6 41. Rd2 h6 42. h3 Ra4
43. g4+ Ke6 44. Re2 Nxa5 45. Nd4+ Kd7 46. Nf5 Nc4 47. Bf2  0-1

[Event "28. Offene Internationale Bayerische Schachmeisterschaft"]
[Site "Gmund am Tegernsee"]
[Date "2025.11.03"]
[Round "3"]
[Board "6"]
[White "Gopal, G.N."]
[Black "Jin, Yueheng"]
[Result "1/2-1/2"]
[WhiteElo "2539"]
[BlackElo "2376"]
[PlyCount "0"]
[EventDate "2025.11.01"]
[EventRounds "9"]
[EventCountry "GER"]

1. e4 e5 2. Nf3 Nc6 3. Bb5 Nf6 4. d3 Bc5 5. c3 O-O 6. O-O d6 7. h3 Bb6 8. Re1 Ne7
9. d4 d5 10. Nxe5 Nxe4 11. Nd2 Nd6 12. Bd3 Bf5 13. Nb3 c6 14. a4 a5 15. Nc5 Re8 16.
Bf4 Bc7 17. Bxf5 Nexf5 18. Qg4 g6 19. Re2 Ng7 20. Qf3 f5 21. Nxb7 Nxb7 22. Nxc6 Qd7
23. Re7 Rxe7 24. Nxe7+ Qxe7 25. Qxd5+ Ne6 26. Bxc7 Qxc7 27. Qxe6+ Qf7 28. Re1 Qxe6
29. Rxe6 Rd8 30. Rc6 Rd7 31. Kf1 Kf7 32. Ke2 Ke7 33. Kd3 Nd6 34. Rc5 Rb7 35. Kc2
Ra7 36. f3 f4 37. c4 Nf5 38. Re5+ Kf6 39. Kd3 Kxe5  1/2-1/2